भारतीय न्याय संहिता, 2023/ (Record no. 215742)
[ view plain ]
| 000 -LEADER | |
|---|---|
| fixed length control field | 00805nam a22002057a 4500 |
| 005 - DATE AND TIME OF LATEST TRANSACTION | |
| control field | 20260323130100.0 |
| 010 ## - LCCN (DPL NO) | |
| LC control number | HIN-131125 |
| 020 ## - INTERNATIONAL STANDARD BOOK NUMBER | |
| International Standard Book Number | 9788119403608 |
| Terms of availability | 450.00 |
| 035 ## - SYSTEM CONTROL NUMBER | |
| System control number | HN-103471 |
| 037 ## - SOURCE OF ACQUISITION | |
| Source of stock number/acquisition | DBAD |
| Stock number | DPL |
| 082 ## - DEWEY DECIMAL CLASSIFICATION NUMBER | |
| Classification number | 345.54 |
| Edition number | 1 |
| 100 ## - MAIN ENTRY--PERSONAL NAME | |
| Personal name | अंजना प्रकाश |
| 245 ## - TITLE STATEMENT | |
| Title | भारतीय न्याय संहिता, 2023/ |
| Statement of responsibility, etc | अंजना प्रकाश [और] अनुज प्रकाश |
| 250 ## - EDITION STATEMENT | |
| Edition statement | 1 |
| 260 ## - PUBLICATION, DISTRIBUTION, ETC. (IMPRINT) | |
| Place of publication, distribution, etc | Gurgaon |
| Name of publisher, distributor, etc | Lexis nexis |
| Date of publication, distribution, etc | 2024 |
| 270 ## - ADDRESS | |
| Address | 14th floor building no 10, tower-B, DLF cyber city, phase-II |
| City | Gurgaon |
| Postal code | 122002 |
| 300 ## - PHYSICAL DESCRIPTION | |
| Extent | 228पृ. |
| Dimensions | 24सी.मी.(अजिल्द) |
| 700 ## - ADDED ENTRY--PERSONAL NAME | |
| Personal name | अनुज प्रकाश |
| Relator term | लेखक |
| 9 (RLIN) | 88732 |
| 942 ## - ADDED ENTRY ELEMENTS (KOHA) | |
| Source of classification or shelving scheme | Dewey Decimal Classification |
| Item type | English Books |
| Classification part | 345.54 |
| Call number suffix | अंजना |
| Withdrawn status | Lost status | Not for loan | Collection code | Home library | Current library | Date acquired | Source of acquisition | Cost, normal purchase price | Full call number | Barcode | Copy number | Cost, replacement price | Koha item type |
|---|---|---|---|---|---|---|---|---|---|---|---|---|---|
| Non-fiction | D.B.Act.Division | D.B.Act.Division | 23/03/2026 | Delivery of Books Act Division | 450.00 | 345.54 अंजना | HN-103471 | 1 | 450.00 | English Books |
